000 00447nam a2200169Ia 4500
003 GCL
008 140319s9999 xx 000 0 eng d
040 _aGCL /
_cGCL
082 0 4 _a729
_bP S
100 1 _aPEVRSNER, NIKALAUS
245 1 0 _aTHE SOURCES OF MODERN ARCHITECTURE AND DESIGN /
_cPEVRSNER, NIKALAUS
260 _a[S.N] :
_bTHAMES AND HUDSON ،
_c1985
300 _a216
650 0 4 _aDESIGN
650 0 4 _aARCHITECTURE
942 _2ddc
_cBK
999 _c17639
_d17639